| 000 | 00552nam a2200193Ia 4500 | ||
|---|---|---|---|
| 005 | 20250508155751.0 | ||
| 008 | 008 250505s9999 xx 000 0 eng d | ||
| 037 | _aDissertations | ||
| 040 |
_aFEDL _beng _cFEDL |
||
| 041 |
_aeng _2eng |
||
| 084 |
_a136.7, BHO/DI _qFEDL |
||
| 100 |
_aBhoop Rani _9767435 |
||
| 245 | 0 | _aStudy of common fears in the primary school children | |
| 260 | _c1973 | ||
| 300 | _aii,72p. | ||
| 546 | _aM. Ed. Dissertration (Delhi University) | ||
| 942 |
_cDIS _h136.7, BHO/DI |
||
| 999 |
_c1359205 _d1359205 |
||